| 000 | 00337nam a22001457a 4500 | ||
|---|---|---|---|
| 041 | _aMalayalam | ||
| 082 |
_a635 _bSAN/MU |
||
| 100 | _aSandha K K | ||
| 245 | _aMullakrishi | ||
| 260 |
_aMannuthy _bKerala Agriultural University _c2000 |
||
| 300 | _a16p | ||
| 365 | _aRs.15/- | ||
| 650 | _aFloriculture, flower, jasmine | ||
| 942 | _cBK | ||
| 999 |
_c253011 _d253011 |
||